Las instituciones de auxilio social a examen. (Registro nro. 387)

Detalles MARC
000 -LEADER
campo de control de longitud fija 02371nam a22002537a 4500
001 - NÚMERO DE CONTROL
campo de control EIF-VII-2009-M4-012
003 - IDENTIFICADOR DE NÚMERO DE CONTROL
campo de control OSt
005 - FECHA Y HORA DE LA ÚLTIMA TRANSACCIÓN
campo de control 20221220065814.0
008 - DATOS DE LONGITUD FIJA--INFORMACIÓN GENERAL
campo de control de longitud fija 221220b |||||||| |||| 00| 0 eng d
040 ## - FUENTE DE CATALOGACIÓN
Centro catalogador/agencia de origen Fundación Jesús Pereda
Centro/agencia transcriptor Fundación Jesús Pereda
041 ## - CÓDIGO DE IDIOMA
Código de lengua del texto/banda sonora o título independiente Castellano
100 ## - ENTRADA PRINCIPAL--NOMBRE DE PERSONA
Filiación Universidad Pontificia de Salamanca
Nombre de persona Sánchez Blanco, Laura
9 (RLIN) 585
111 ## - ENTRADA PRINCIPAL--NOMBRE DE CONGRESO/REUNIÓN
Nombre de congreso/reunión o jurisdicción como elemento de entrada Encuentro de Investigadores del Franquismo
Sede del congreso/Lugar de la reunión (Santiago de Compostela.
Fecha del congreso o de la firma del tratado 2009.
Número del congreso/reunión o número de parte o sección 7º)
9 (RLIN) 99
245 ## - MENCIÓN DEL TÍTULO
Título Las instituciones de auxilio social a examen.
Resto del título Las críticas de la Confederación Católica de Padres de Familia
Fechas extremas/inclusivas 1938
Mención de responsabilidad, etc. /Laura Sánchez Blanco, José Manuel Alfonso Sánchez y Eulalia Torrubia Balagué
520 ## - RESUMEN, ETC.
Sumario, etc. En el año 1938, la Confederación Católica de Padres de Familia acusó a la Delegación Nacional de Auxilio Social de permitir que los niños y las niñas convivieran juntos en sus instituciones, de mantenerlos alejados de las familias y de retenerlos en los comedores para recibir asistencia religiosa. Tales acusaciones fueron remitidas a Franco, sin previa consulta a la organización de Auxilio Social. Pero la Asesoría Técnica Nacional de Auxilio Social se hizo con el escrito y elaboró un informe para defenderse de las críticas. El informe no fue publicado pues, según se recoge en el mismo, podía tener consecuencias políticas. Éste se envió confidencialmente a la Delegación Nacional de Auxilio Social con el fin de tener los argumentos necesarios para desmentir tales acusaciones. El contenido del informe se analiza en la presente comunicación para conocer las causas que llevaron a este enfrentamiento, los argumentos de Auxilio Social para desmentir tales acusaciones y demostrar que sus instituciones funcionaban de acuerdo con el sentido católico y falangista del Estado franquista.
610 #0 - PUNTO DE ACCESO ADICIONAL DE MATERIA--NOMBRE DE ENTIDAD CORPORATIVA
9 (RLIN) 586
Nombre de entidad corporativa o nombre de jurisdicción como elemento de entrada Confederación Nacional de Padres de Familia y Padres de Alumnos (CONCAPA)
650 #0 - PUNTO DE ACCESO ADICIONAL DE MATERIA--TÉRMINO DE MATERIA
9 (RLIN) 188
Término de materia o nombre geográfico como elemento de entrada Educación
650 #0 - PUNTO DE ACCESO ADICIONAL DE MATERIA--TÉRMINO DE MATERIA
9 (RLIN) 265
Término de materia o nombre geográfico como elemento de entrada Acción social
700 ## - ENTRADA AGREGADA--NOMBRE PERSONAL
Filiación Universidad Pontificia de Salamanca
Nombre de persona Alfonso Sánchez, José Manuel
9 (RLIN) 587
700 ## - ENTRADA AGREGADA--NOMBRE PERSONAL
Filiación Universidad Pontificia de Salamanca
Nombre de persona Torrubia Balagué, Eulalia
9 (RLIN) 588
773 ## - ASIENTO DE ITEM FUENTE
Título <a href="Actas del VII Encuentro de Investigadores del Franquismo">Actas del VII Encuentro de Investigadores del Franquismo</a>
Parte(s) relacionada(s) 314-321 p.
856 ## - LOCALIZACIÓN Y ACCESO ELECTRÓNICOS
Identificador Uniforme de Recursos <a href="https://bibliotecaccoocyl.fundacionjesuspereda.es/cgi-bin/koha/opac-retrieve-file.pl?id=ee02dbea374fe461426c2270eff4795e">https://bibliotecaccoocyl.fundacionjesuspereda.es/cgi-bin/koha/opac-retrieve-file.pl?id=ee02dbea374fe461426c2270eff4795e</a>
942 ## - ELEMENTOS DE ENTRADA SECUNDARIOS (KOHA)
Fuente del sistema de clasificación o colocación Clasificación Decimal Dewey
Tipo de ítem Koha Archivo de computadora
Suprimir en OPAC No

No hay ítems disponibles.

Página web subvencionada totalmente por la Consejería de Cultura y Turismo de la Junta de Castilla y León

Con tecnología Koha